Instrumento de renta fija (Registro nro. 11487)

Detalles MARC
000 -LEADER
fixed length control field 00325 a2200121 4500
001 - CONTROL NUMBER
control field ART_6677
005 - DATE AND TIME OF LATEST TRANSACTION
control field 20260410161620.0
008 - FIXED-LENGTH DATA ELEMENTS--GENERAL INFORMATION
fixed length control field 260409a
100 1# - MAIN ENTRY--PERSONAL NAME
Personal name Tapia, Gustavo N.
245 10 - TITLE STATEMENT
Title Instrumento de renta fija
700 1# - ADDED ENTRY--PERSONAL NAME
Personal name Ariganello, Claudio
773 0# - HOST ITEM ENTRY
Title Enfoques
Related parts - Nº 12 (dic. 2009)
Record control number REV416

No hay ítems disponibles.